National Team Kits by Picture - Statistics

General Stats
  • This quiz has been taken 190 times
  • The average score is 15 of 16
Answer Stats
Picture Answer % Correct
Argentina
100%
Netherlands
100%
Portugal
100%
South Korea
100%
Brazil
99%
England
99%
France
99%
Poland
99%
Croatia
98%
Belgium
96%
Egypt
96%
Uruguay
96%
Algeria
91%
United States
88%
Scotland
84%
Russia
74%
No matching quizzes found
Score Distribution
Percent of People with Each Score
Percentile by Number Answered
Your Score History
You have not taken this quiz